000 00925cam a22001815a 4500
001 L155423
008 120321s1798 xxk f 000 0 eng d
035 _a(Sirsi) u155423
041 0 _aeng
100 1 _aLowe, Robert
245 0 0 _aGeneral view of the agriculture of the county of Nottingham
_bwith observations on the means of its improvement. Drawn up for the consideration of the Board of Agriculture and Internal Improvement. By Robert Lowe, Esq. of Oxton
260 _aLondon
_bprinted by W. Smith, for G. Nicol, Pall Mall, Bookseller to His Majesty, and to the Board of Agriculture, and sold by Mess. Robinson, Paternoster Row; J. Sewell, Cornhill; Cadell and Davies, Strand; William Creech, Edinburgh; and John Archer, Dublin
_c1798
300 _axii, 192 p., plate
_bmap
_c8o
583 _aCondition reviewed
_c20120620
_lcondition level 1
651 4 _aGreat Britain
_y1707-
690 _aRural
_96268
942 _n0
999 _c113562
_d113562